书目信息 |
| 题名: |
电磁散射和热辐射的遥感理论
|
|
| 作者: | 金业秋 著 | |
| 分册: | ||
| 出版信息: | 北京 科学出版社 |
|
| 页数: | 292页 | |
| 开本: | 16开 | |
| 丛书名: | ||
| 单 册: | ||
| 中图分类: | TP70 | |
| 科图分类: | ||
| 主题词: | 遥感技术 | |
| 电子资源: | ||
| ISBN: | 7-03-003626-3 | |
| 000 | 00554nam0 2200193 45 | |
| 001 | 0009052064 | |
| 005 | 20000905210319.9 | |
| 010 | @a7-03-003626-3@d45.00元 | |
| 100 | @a20000905d km y0chiy0120 ea | |
| 101 | 0 | @achi |
| 105 | @a z 000yy | |
| 200 | 1 | @a电磁散射和热辐射的遥感理论@ADian Ci San She He Re Fu She De Yao Gan Li Lun@f金业秋著@FJin Ye Qiu Zhu |
| 210 | @a北京@c科学出版社 | |
| 215 | @a292页@d16开 | |
| 606 | 0 | @a遥感技术 |
| 690 | @aTP70@v3 | |
| 701 | 0 | @a金业秋@4著 |
| 801 | @aCN@bPftUser@c20000905 | |
| 905 | @b121750-754@dTP70@eJ695@f5 | |
| 电磁散射和热辐射的遥感理论/金业秋著.-北京:科学出版社 |
| 292页;16开 |
| ISBN 7-03-003626-3:45.00元 |
| ● |
| 相关链接 |
|
|
|
正题名:电磁散射和热辐射的遥感理论
索取号:TP70/J695
 
预约/预借
| 序号 | 登录号 | 条形码 | 馆藏地/架位号 | 状态 | 备注 |
| 1 | 121750 | 201217502 | 期刊室512/301自科库 136排1列5层/ [索取号:TP70/J695] | 在馆 | |
| 2 | 121751 | 201217511 | 自科二线404/404自科库 20排1列3层/ [索取号:TP70/J695] | 在馆 | |
| 3 | 121752 | 201217520 | 自科二线404/404自科库 20排1列3层/ [索取号:TP70/J695] | 在馆 | |
| 4 | 121753 | 201217539 | 自科二线404/404自科库 18排1列6层/ [索取号:TP70/J695] | 在馆 | |
| 5 | 121754 | 201217548 | 自科库301/301自科库 136排1列5层/ [索取号:TP70/J695] | 在馆 |